Media and the politics of failure (Record no. 94587)
[ view plain ]
| 000 -LEADER | |
|---|---|
| fixed length control field | 01724nam a2200409Ia 4500 |
| 082 04 - DEWEY DECIMAL CLASSIFICATION NUMBER | |
| Classification number | 070.4/333 |
| 100 1# - MAIN ENTRY--AUTHOR NAME | |
| Personal name | Roselle, Laura. |
| 245 10 - TITLE STATEMENT | |
| Title | Media and the politics of failure |
| 250 ## - EDITION STATEMENT | |
| Edition statement | 1st ed. |
| 260 ## - PUBLICATION, DISTRIBUTION, ETC. (IMPRINT) | |
| Place of publication | New York : |
| Name of publisher | Palgrave Macmillan, |
| Year of publication | 2006. |
| 300 ## - PHYSICAL DESCRIPTION | |
| Number of Pages | 190 p. |
| 490 1# - SERIES STATEMENT | |
| Series statement | Palgrave Macmillan series in international political communication |
| 650 #0 - SUBJECT ADDED ENTRY--TOPICAL TERM | |
| Topical Term | Vietnam War, 1961-1975 |
| Topical Term | Mass media |
| Topical Term | Communication in politics |
| Topical Term | Mass media |
| Topical Term | Communication in politics |
| Topical Term | War in mass media. |
| 856 40 - ELECTRONIC LOCATION AND ACCESS | |
| Uniform Resource Identifier | http://site.ebrary.com/lib/rucke/Doc?id=10150389 |
No items available.
